Geometry Dash Main Levels - Statistics

General Stats
  • This quiz has been taken 342 times
  • The average score is 18 of 22
Answer Stats
Hint Answer % Correct
First level Stereo Madness
98%
Introduces upside-down ship Jumper
92%
Easiest level Back on Track
91%
First mirror portal Time Machine
88%
Difficult 3rd coin Theory Of Everything
86%
Has easy coins Base After Base
84%
Big difficulty jump Cant Let Go
84%
Introduces mini portal Clutterfunk
84%
First level of 1.2 Cycles
84%
Introduces yellow portal Dry Out
84%
First main-level demon Clubstep
83%
The song was made specifically for GD Dash
82%
First insane level XStep
81%
Introduces jump orbs Polargeist
80%
Only level from 2.1 in the main game Fingerdash
79%
Introduces mini-wave at the very end Theory Of Everything 2
77%
Last level to use mirror portal Electroman Adventures
75%
Hardest non-demon level Electrodynamix
74%
Hardest main level so far Deadlocked
72%
Has infamous dark memory part Geometrical Dominator
67%
Introduces 0.5x speed Hexagon Force
66%
Longest main level Blast Processing
61%
No matching quizzes found
Score Distribution
Percent of People with Each Score
Percentile by Number Answered
Your Score History
You have not taken this quiz